000 00640nam a2200241Ia 4500
003 OSt
005 20221007080547.0
006 a|||||r|||| 00| 0
007 ta
008 221006b |||||||| |||| 00| 0 eng d
024 _a14,902
037 _cTextual
040 _aFLL
_cFLL
_beng
041 _2eng
_aeng
082 _aX:9:Z2, N4
100 _aSrivastava S.C.
245 0 _aIndustrial relations & labour laws
250 _a3rd
260 _aNew Delhi
_bVikas Publishing House Pvt. Ltd. India
_c1994
300 _axxxvii,643p
_ccm.
942 _hX:9:Z2, N4
_cTEXL
_2CC
999 _c1160092
_d1160092